000 00214nam a22001097a 4500
082 _a621.3BHA
100 _aBhat
245 _aFundamental of Electromegnetics
260 _aCB
_c1986
300 _a514
942 _cBK
999 _c13941
_d13941